[Event "Balkan Youth Online-ch 2020"]
[Site "Online"]
[Date "2020.10.31"]
[Round "5.35"]
[White "Krallis, Christos"]
[Black "Velkoski, Stojan"]
[Result "1-0"]
[WhiteElo "2444"]
[BlackElo "1705"]
[Annotator "TA"]
[PlyCount "157"]
[EventDate "2020.10.31"]
[EventType "swiss"]
[SourceTitle "playchess.com"]
[Source "ChessBase"]
[SourceQuality "1"]

{[%evp 9,157,-39,-51,-58,-32,-78,-69,-91,-79,-103,-38,-87,-80,-72,-32,-81,-83,-88,-68,-82,-42,-85,-75,-75,-63,-65,-41,-74,-66,-66,-50,-80,-66,-69,-54,-74,-58,-58,-65,-62,-69,-78,0,-312,-306,-675,-646,-641,-627,-564,-392,-865,-865,-865,-864,-860,-860,-852,-845,-747,-819,-748,-707,-862,-825,-725,-415,-389,189,157,249,257,403,412,404,402,378,317,307,139,124,10,18,18,18,10,25,25,43,43,43,39,43,43,43,22,25,22,35,35,43,35,43,43,57,43,57,83,125,106,159,158,158,158,152,0,0,0,0,0,0,0,32,24,33,33,138,26,1478,1308,1263,464,12839,12839,12842,12843,12843,12843,12848,12848,12849,12849,12850,12850,12850,12850,12850,27999,27999,27999]} 1. e4 e6 2. Qe2 Be7 3. d4 d5 4. exd5 exd5 5. Bf4 Nf6 6. Nc3 {C01: French: Exchange Variation.} c6 7. O-O-O O-O {[#]} 8. h3 $146 {Black is slightly better.} ({Predecessor:} 8. f3 Re8 9. Qd3 Nbd7 10. g4 Nf8 11. h4 h6 12. g5 Nh5 13. Bd2 Ng3 14. Rh2 {0-1 (35) So,K (1276)-Lau,J (1627) Hong Kong 2016}) 8... Re8 9. Qf3 Bf5 (9... b5 $17) 10. Bd3 Bxd3 11. Qxd3 Bd6 12. Bg5 Nbd7 13. Nf3 Qc7 14. Rhe1 h6 15. Be3 Ne4 16. Nd2 {[%cal Rc3e4]} Ndf6 17. Ne2 Rac8 18. Nb3 a5 {[%cal Ba7a5,Ba5a4,Ba4a3][%mdl 32]} 19. f3 Ng3 20. Bd2 b6 21. Kb1 a4 {Strongly threatening ...Rxe2.} 22. Nbc1 Nxe2 (22... a3 $5 23. Nxg3 axb2 $15) 23. Nxe2 {[#]} a3 $1 {[%mdl 512]} 24. b3 (24. bxa3 Ra8) 24... c5 25. dxc5 Bxc5 ({Of course not} 25... Qxc5 $6 26. Nd4 $11) (25... bxc5 $17 26. Nc3 c4 27. Rxe8+ Rxe8) 26. Bc3 $2 {[%mdl 8192]} (26. Nf4 $11 {and White has nothing to worry.}) 26... Bf2 $1 $19 27. Bxf6 $2 (27. Bd4 Bxe1 28. Rxe1) 27... gxf6 28. c3 Bxe1 29. Rxe1 Qc5 30. Rd1 $2 {[#]} (30. Rf1) 30... Qf2 $1 {[%mdl 64] Double Attack} 31. Rd2 Qe1+ 32. Nc1 Re3 33. Rd1 Qxc3 34. Qxc3 Rexc3 {[%mdl 4096] Endgame KRR-KRN} 35. Nd3 Rc2 36. g4 Rh2 37. Nb4 Rxh3 38. Nxd5 Rxf3 $4 {[%mdl 8192]} (38... Kg7 $19 {avoids the disaster.} 39. Nxb6 Rc5) 39. Ne7+ $18 {[%mdl 64] Double Attack} Kg7 (39... Kh7 $16 40. Nxc8 b5) 40. Nxc8 {KRN-KR} Rf4 (40... b5 $142 41. Nd6 b4 42. Nf5+ Kh7) 41. Nxb6 Rxg4 42. Nd5 h5 43. b4 h4 44. b5 (44. Kc2 $18 {is more deadly.}) 44... Rg2 $16 {[#]} 45. Rd3 (45. Ka1 $1 $16 {And now b6 would win.} Rb2 46. b6) 45... Rb2+ $11 {[%mdl 64] Double Attack} 46. Kc1 {aiming for b6.} Rxb5 47. Nf4 Rf5 48. Nh3 Kh6 49. Rxa3 Kh5 $1 50. Kd2 Kg4 51. Ke2 Re5+ 52. Kf2 f5 53. Rf3 {Hoping for a4.} Ra5 54. a3 Ra4 55. Kg2 f4 56. Nf2+ Kg5 57. Rb3 f5 58. Kf3 Kh5 59. Nh3 Ra8 (59... Rc4 $142 60. Nxf4+ Kg5) 60. Nxf4+ $16 Kg5 61. Nd5 Rd8 {[#]} 62. Nb6 $2 (62. Rd3 $1 $16) 62... Rd2 $11 63. Nc4 Rh2 {...Rh3+ is the strong threat.} 64. Re3 Ra2 65. Re2 Ra1 66. Rg2+ Kf6 67. Rc2 Rd1 ({Black should play} 67... Kg5 $1 $14) 68. a4 (68. Kg2 $16) 68... Rd3+ $2 {[%mdl 8192]} (68... Rf1+ $11 69. Ke3 Re1+ 70. Kd4 Ra1) 69. Kg2 $18 f4 70. a5 h3+ (70... Rg3+ $142 71. Kh2 Rg7) 71. Kh2 Kg5 72. a6 Rd7 73. Ra2 Kh4 74. a7 Rc7 75. a8=Q {White threatens Ra5 and mate.} Rxc4 76. Qh8+ Kg4 77. Qg8+ Kf3 78. Qxc4 {[%csl Ga2][%cal Rc4e2]} Kg4 79. Qe2+ {A wild game. Av CentiPawn Loss W=-41/B=-59. Weighted=-43/-69} 1-0

[Event "Balkan Youth Online-ch 2020"]
[Site "Online"]
[Date "2020.10.31"]
[Round "5.36"]
[White "Pobor, Milo"]
[Black "Magold, Victor"]
[Result "1-0"]
[WhiteElo "2084"]
[BlackElo "2045"]
[Annotator "TA"]
[PlyCount "151"]
[EventDate "2020.10.31"]
[EventType "swiss"]
[SourceTitle "playchess.com"]
[Source "ChessBase"]
[SourceQuality "1"]

{[%evp 13,151,6,15,-15,7,-37,5,-36,-27,-30,-35,-31,-28,-20,-24,-32,-34,-36,-24,-39,-43,-54,-74,-94,-108,-125,-77,-137,-143,-175,-175,-227,-165,-215,-212,-210,-202,-208,-188,-201,-196,-206,-218,-250,-223,-218,-180,-201,-177,-202,-200,-206,-186,-236,0,0,530,526,515,526,506,517,504,521,505,479,446,264,242,254,227,128,127,135,418,412,452,452,29988,452,452,452,452,452,401,356,444,438,373,297,3776,2488,2545,1539,29951,29946,29951,6307,29956,29955,9018,2023,1862,1626,1558,1281,6506,6064,3310,2831,29959,29961,29967,29968,29972,29975,29972,12811,29971,29972,29971,29972,29973,29975,29976,29977,29977,29978,29982,29983,29984,29985,29988,29989,29992,29991,29992,29992,29992,29993]} 1. e4 c5 2. Nf3 d6 3. d4 cxd4 4. Qxd4 Nf6 5. Nc3 a6 6. Be3 Nc6 7. Qd2 e6 8. Be2 {B53: Sicilian: 2...d6: Lines with Qxd4.} Be7 9. h3 O-O 10. O-O {The position is equal.} b5 11. a3 Bb7 {[#]} 12. Rad1 $146 ({Predecessor:} 12. Rfd1 Rc8 13. Bf4 Qb6 14. Bxd6 Rcd8 15. e5 Nxe5 16. Nxe5 Bxd6 17. Nd3 Qd4 18. Qe3 Qxe3 19. fxe3 {1-0 (80) Maslik,M (2150)-Szollos,O Bratislava 1998}) 12... Qc7 13. Rfe1 Rfd8 14. Bf4 Ne5 15. Qe3 Rac8 16. Bh2 Nfd7 17. Nd4 Nb6 18. Bxe5 dxe5 19. Nf3 f6 20. Nh2 (20. Rxd8+ $142 Rxd8 21. Rd1) 20... Bc5 $17 21. Qg3 Bd4 {[%cal Rd4c3]} 22. Bg4 (22. Bf1 {was worth a try.}) 22... Qc6 23. Na2 Bxb2 24. Nb4 Qe8 $1 25. Qb3 Nc4 {Threatens to win with ...Rxd1.} 26. Rxd8 Rxd8 27. a4 Bd4 28. h4 Rd6 29. Nd3 Qc6 30. axb5 axb5 {aiming for ...f5!} 31. Nf3 Ba7 32. Bh3 h5 33. Rb1 Qxe4 $2 ({Black should play} 33... Qa6 $19 34. Nfe1 Bc6) 34. Qxb5 $11 Ba6 $2 {[%mdl 8192]} (34... Bc6 $11 {and Black stays safe.} 35. Qa6 Bxf2+ $1 {[%mdl 512]} 36. Nxf2 Qxc2 37. Qc8+ Kh7) 35. Qe8+ $18 {[%mdl 64] Double Attack} Kh7 36. Qxh5+ Kg8 {intending ...Qc6.} 37. Qe8+ {[%mdl 64] Double Attack} Kh7 38. Bxe6 Rxe6 39. Qxe6 Bb7 {Now ...Nd2 and Black clings on.} 40. Rxb7 (40. Rb4 $142 Qd5 41. Qe7) 40... Qxb7 41. Qxc4 e4 42. Nd4 (42. Nd2 $18 exd3 43. Qxd3+ Kg8 44. Ne4) 42... Qb1+ $16 43. Kh2 Bb8+ $2 {[%mdl 8192]} (43... exd3 $16 44. Qxd3+ Kh8) 44. g3 $18 Qf1 45. Ne6 Qe2 (45... exd3 $18 46. Qxd3+ Qxd3 47. cxd3 f5) 46. Qd4 (46. Nf8+ $142 Kh6 47. Qg8 Bxg3+ 48. Kxg3 Qf3+ 49. Kh2 Kh5 50. Qh8+ Kg4 51. Qxg7+ Kh5 52. Nh7) 46... exd3 47. Qxd3+ Qxd3 48. cxd3 {[%mdl 4096] Endgame KB-KN} Kg6 49. Kg2 f5 50. Kf3 Kf6 51. Nf4 g5 $2 (51... Ba7 52. Ne2 Bc5) 52. hxg5+ Kxg5 53. d4 Kf6 54. Ke3 Ke7 55. Kd3 Ba7 56. Kc4 Kd6 57. Nh5 (57. Nd5 $142 Kd7 58. f4) 57... Ke6 58. Ng7+ Kf6 {[#]} 59. Ne8+ $1 Ke7 60. Nc7 Bb8 61. Na6 Ba7 62. Kd5 Kf6 63. Nc5 f4 64. gxf4 Kf5 65. Nd3 (65. Kc6 $142 Bb8 66. d5 Bxf4 67. d6 Bg5 68. d7 Bd8 69. Kd5 Be7 70. Ne6) 65... Bb8 66. f3 {White mates.} Ba7 67. Kc4 Bb8 68. d5 Bd6 69. Kb5 Kf6 70. Kc6 Ke7 71. f5 Bb8 72. f4 Ba7 73. d6+ Kd8 74. Ne5 Bb8 75. Nf7+ Ke8 76. d7+ {What a bad dream for Black. Av CentiPawn Loss W=-123/B=233. Weighted=-148/33} 1-0

[Event "Balkan Youth Online-ch 2020"]
[Site "Online"]
[Date "2020.10.31"]
[Round "5.37"]
[White "Veljanoski, Andrej"]
[Black "Unat, Can Haktan"]
[Result "0-1"]
[WhiteElo "2007"]
[BlackElo "2130"]
[Annotator "TA"]
[PlyCount "54"]
[EventDate "2020.10.31"]
[EventType "swiss"]
[SourceTitle "playchess.com"]
[Source "ChessBase"]
[SourceQuality "1"]

{[%evp 16,53,0,-14,24,14,16,-19,-7,-17,-18,-17,0,-47,-13,-25,30,13,12,4,16,11,181,77,72,78,78,72,58,-75,-7,-1297,-1305,-1280,-1255,-1436,-1346,-1272,-1235,-29999]} 1. e4 c5 2. Nf3 Nc6 3. d4 cxd4 4. Nxd4 Nf6 5. Nc3 e6 6. Ndb5 Bb4 7. Nd6+ Ke7 8. Nxc8+ Rxc8 9. Bd3 $1 Qa5 {B45: Sicilian Four Knights.} 10. O-O Rhd8 {[#]} 11. Ne2 $146 ({Predecessor:} 11. Bf4 Bxc3 12. bxc3 e5 13. Bg5 Qxc3 14. f4 exf4 15. Bxf4 Ne5 16. Rb1 b6 17. Kh1 {0-1 (53) Jarmula,L (1576)-Musiatowicz,P (1909) Mazowsze 2010}) 11... d5 {The position is equal.} 12. exd5 Qxd5 13. Nf4 Qd6 14. c3 Ba5 {Strongly threatening ...g5.} 15. Bc2 Qb8 (15... Qxd1 $142 16. Rxd1 Rxd1+ 17. Bxd1 Bb6) 16. Qe2 Qe5 17. Be3 Bc7 {...g5 is the strong threat.} 18. g3 g5 $2 (18... Kf8 $11) 19. Nh5 (19. Nd3 $18 Qd5 20. Rae1) 19... Nd5 $16 20. Bc5+ Bd6 21. Bxd6+ Rxd6 22. Qb5 (22. Qg4 $14 {keeps the upper hand.}) 22... g4 (22... Nb6 $17 23. a4 {[#]} Nd4 $1 {[%mdl 512]} 24. Qxe5 Nf3+ {[%mdl 64] Double Attack} 25. Kg2 Nxe5) 23. c4 $2 {[%mdl 8192]} (23. Nf4 $11 Nb6 24. Qb3) 23... Nd4 $19 {[%mdl 64] [#] Double Attack} 24. Qxb7+ Rc7 25. Qb8 Nf3+ 26. Kg2 Qxh5 {[%csl Gf3][%cal Rh5h2]} 27. Rh1 Qh3# {Av CentiPawn Loss W=-136/B=-80. Weighted=-120/-46} 0-1

[Event "Balkan Youth Online-ch 2020"]
[Site "Online"]
[Date "2020.10.31"]
[Round "5.38"]
[White "Padurariu, Mihai-Edward"]
[Black "Kilic, Gokturk Kagan"]
[Result "0-1"]
[WhiteElo "2084"]
[BlackElo "2084"]
[Annotator "NA"]
[PlyCount "80"]
[EventDate "2020.10.31"]
[EventType "swiss"]
[SourceTitle "playchess.com"]
[Source "ChessBase"]
[SourceQuality "1"]
[TimeControl "1500+5"]

1. e4 {[%emt 0:00:00]} e5 {[%emt 0:00:06]} 2. Bc4 {[%emt 0:00:00]} Nf6 {[%emt 0:00:01]} 3. Nc3 {[%emt 0:00:00]} Nxe4 {[%emt 0:00:32]} 4. Qh5 {[%emt 0:00:00]} Nd6 {[%emt 0:00:00]} 5. Bb3 {[%emt 0:00:00]} Be7 {[%emt 0:00:00]} 6. Qxe5 {[%emt 0:00:00]} O-O {[%emt 0:00:08] C27: Vienna Game: 2...Nf6 3 Bc4 Nxe4.} 7. d3 {[%emt 0:00:27]} c6 {[%emt 0:03:09] [#]} 8. Nge2 $146 {[%emt 0:01:23]} ({Predecessor:} 8. d4 b5 9. Nf3 a5 10. a3 Ba6 11. O-O Nc8 12. Ne4 d5 13. Ng3 Nd7 14. Qf4 {½-½ (30) Lomasov,S (2450)-Goganov,A (2632) Moscow 2017}) 8... Ne8 {[%emt 0:00:25]} 9. O-O {[%emt 0:01:39]} d5 {[%emt 0:00:07]} 10. d4 {[%emt 0:01:32]} Bf6 {[%emt 0:02:23]} 11. Qf4 {[%emt 0:01:39]} Na6 {[%emt 0:00:00]} 12. Nd1 {[%emt 0:03:36]} Nd6 {[%emt 0:00:26]} 13. Ng3 {[%emt 0:02:04]} g6 {[%emt 0:02:15]} 14. c3 {[%emt 0:01:02]} Nc7 {[%emt 0:00:01]} 15. f3 {[%emt 0:02:07]} Re8 {[%emt 0:01:10]} 16. Qd2 {[%emt 0:01:12]} Bh4 {[%emt 0:01:44]} 17. Nf2 {[%emt 0:01:15]} a5 {[%emt 0:03:11]} 18. a4 {[%emt 0:00:41]} b6 {[%emt 0:00:39]} 19. Nd3 {[%emt 0:01:18]} Ba6 {[%emt 0:00:09]} 20. Rd1 {[%emt 0:00:11]} Ne6 {[%emt 0:01:21]} 21. Ne5 {[%emt 0:01:52]} Bg5 {[%emt 0:01:55]} 22. Qf2 {[%emt 0:00:18]} Bxc1 {[%emt 0:02:38]} 23. Raxc1 {[%emt 0:00:00]} Qg5 {[%emt 0:00:00]} 24. Nxc6 {[%emt 0:02:39]} Nf4 {[%emt 0:00:49]} 25. Ne5 {[%emt 0:01:48]} h5 {[%emt 0:00:09]} 26. h4 {[%emt 0:00:07]} Qxh4 {[%emt 0:00:10]} 27. Bc2 {[%emt 0:00:03]} Qg5 {[%emt 0:00:14]} 28. Kh2 {[%emt 0:00:04]} h4 {[%emt 0:01:30]} 29. Nf1 {[%emt 0:00:00]} f6 {[%emt 0:00:00]} 30. Ne3 {[%emt 0:00:22]} fxe5 {[%emt 0:00:05]} 31. dxe5 {[%emt 0:00:00]} Rxe5 {[%emt 0:00:00]} 32. Rd2 {[%emt 0:00:00]} Rae8 {[%emt 0:00:00]} 33. Re1 {[%emt 0:00:05]} Rxe3 {[%emt 0:00:00]} 34. Rxe3 {[%emt 0:00:00]} Rxe3 {[%emt 0:01:25]} 35. Qxe3 {[%emt 0:00:00]} Bf1 {[%emt 0:00:25]} 36. Qxb6 {[%emt 0:00:16]} Bxg2 {[%emt 0:00:20]} 37. Qb8+ {[%emt 0:00:06]} Kg7 {[%emt 0:00:01]} 38. Qc7+ {[%emt 0:00:11]} Kh6 {[%emt 0:00:08]} 39. Qb6 {[%emt 0:00:07]} Qg3+ {[%emt 0:00:00]} 40. Kg1 {[%emt 0:00:00]} Nh3# {[%emt 0:00:00]} 0-1

[Event "Balkan Youth Online-ch 2020"]
[Site "Online"]
[Date "2020.10.31"]
[Round "5.39"]
[White "Vujovic, Savo"]
[Black "Stepanencu, Nicodim-Cosmin"]
[Result "0-1"]
[WhiteElo "2118"]
[BlackElo "2006"]
[Annotator "TA"]
[PlyCount "64"]
[EventDate "2020.10.31"]
[EventType "swiss"]
[SourceTitle "playchess.com"]
[Source "ChessBase"]
[SourceQuality "1"]

{[%evp 23,64,13,0,0,10,18,9,16,25,-90,-101,-102,-92,-95,-106,-119,-119,-204,-197,-202,-186,-199,-186,-183,-166,-222,-185,-264,-215,-255,-252,-348,-334,-462,-437,-488,-480,-693,-660,-762,-733,-1460,-1434]} 1. e4 e6 2. d4 d5 3. Nc3 Bb4 4. e5 c5 5. a3 Bxc3+ 6. bxc3 Ne7 7. Qg4 Qc7 8. Qxg7 Rg8 9. Qxh7 cxd4 10. Kd1 Nbc6 11. Nf3 dxc3 12. Ng5 Nxe5 13. Bf4 {[#] Hoping for Nxf7! C18: French: 3 Nc3 Bb4: Main line: 7 h4 and 7 Qg4.} Qb6 {And now ...Qd4+ would win.} 14. Bxe5 Rxg5 15. Qh4 {The position is equal.} Rf5 {Threatens to win with ...Ng6.} 16. Qd4 (16. Qh8+ $11 {keeps the balance.} Kd7 17. Bd4) 16... Qxd4+ $17 17. Bxd4 {[#]} Nc6 $146 {[%cal Rc6d4]} ({Predecessor:} 17... e5 18. Bxc3 Rxf2 19. Bxe5 Bf5 20. c3 Nc6 21. Bg7 O-O-O 22. h3 d4 23. c4 Re8 {0-1 (30) Eichler,C-Lenhardt,M (2245) Passau 1995}) 18. Bxc3 Rxf2 19. h4 e5 $36 {[%mdl 2048] Black is in control.} 20. Bd3 (20. Bd2 $17) 20... Rxg2 $19 21. h5 Bg4+ 22. Kc1 O-O-O 23. h6 Rh8 24. Rb1 (24. h7 $142) 24... f6 25. Rb5 (25. Bf1 $142 Rf2 26. Bd3) 25... Be6 26. Kd1 a6 27. Rb1 f5 28. Bf1 Rg6 {Black is clearly winning.} 29. Bd2 f4 30. c4 (30. h7 $142 Rg7 31. c3) 30... dxc4 31. Rc1 b5 32. Bg2 Rxg2 {Black took control after the opening. Av CentiPawn Loss W=-89/B=-13. Weighted=-117/-16} 0-1

[Event "Balkan Youth Online-ch 2020"]
[Site "Online"]
[Date "2020.10.31"]
[Round "5.40"]
[White "Jordanov Mihail"]
[Black "Vaupot, Luka"]
[Result "1-0"]
[WhiteElo "2105"]
[BlackElo "2010"]
[Annotator "ChessBase"]
[PlyCount "61"]
[EventDate "2020.10.31"]
[EventType "swiss"]
[SourceTitle "playchess.com"]
[Source "ChessBase"]
[SourceQuality "1"]
[TimeControl "1500+5"]

1. e4 {[%emt 0:00:00]} e6 {[%emt 0:00:00]} 2. d4 {[%emt 0:00:00]} d5 {[%emt 0:00:00]} 3. Nd2 {[%emt 0:00:00]} Nf6 {[%emt 0:00:00]} 4. e5 {[%emt 0:00:00]} Nfd7 {[%emt 0:00:00]} 5. Bd3 {[%emt 0:00:00]} c5 {[%emt 0:00:00]} 6. c3 {[%emt 0:00:00]} Nc6 {[%emt 0:00:00]} 7. Ngf3 {[%emt 0:00:00]} f6 {[%emt 0:00:00]} 8. exf6 {[%emt 0:00:00]} Nxf6 {[%emt 0:00:00]} 9. O-O {[%emt 0:00:00]} cxd4 {[%emt 0:00:23]} 10. cxd4 {[%emt 0:00:00]} Bd6 {[%emt 0:00:00]} 11. Nb3 {[%emt 0:00:00]} O-O {[%emt 0:00:00]} 12. Bg5 {[%emt 0:00:00]} e5 {[%emt 0:02:18]} 13. dxe5 {[%emt 0:07:40]} Nxe5 {[%emt 0:00:02]} 14. Bc2 {[%emt 0:00:00]} Kh8 {[%emt 0:04:17]} 15. Nbd4 {[%emt 0:02:47]} Bg4 {[%emt 0:05:26]} 16. h3 {[%emt 0:03:10]} Bxf3 {[%emt 0:05:40]} 17. Nxf3 {[%emt 0:00:00]} Nxf3+ {[%emt 0:00:00]} 18. Qxf3 {[%emt 0:00:01]} Qb6 {[%emt 0:00:00]} 19. Qd3 {[%emt 0:02:25]} Ne4 {[%emt 0:02:31]} 20. Be3 {[%emt 0:05:25]} Bc5 {[%emt 0:00:00]} 21. Rae1 {[%emt 0:02:36]} Rad8 {[%emt 0:02:47]} 22. f3 {[%emt 0:01:36]} Nf6 {[%emt 0:00:08]} 23. Kh1 {[%emt 0:00:07]} g6 {[%emt 0:01:25]} 24. Bg5 {[%emt 0:00:29]} Qxb2 {[%emt 0:01:43]} 25. Rb1 {[%emt 0:00:20]} Qe5 {[%emt 0:00:00]} 26. Bh6 {[%emt 0:00:00]} Nh5 {[%emt 0:00:14]} 27. f4 {[%emt 0:00:13]} Ng3+ {[%emt 0:00:04]} 28. Qxg3 {[%emt 0:00:00]} Qe2 {[%emt 0:00:00]} 29. Qc3+ {[%emt 0:00:02]} d4 {[%emt 0:00:04]} 30. Qxc5 {[%emt 0:00:00]} Rf5 {[%emt 0:00:06]} 31. Bxf5 {[%emt 0:00:05]} 1-0

[Event "Balkan Youth Online-ch 2020"]
[Site "Online"]
[Date "2020.10.31"]
[Round "5.41"]
[White "Papidakis, Georgios"]
[Black "Andjelic, Djordje"]
[Result "1-0"]
[WhiteElo "2135"]
[BlackElo "1900"]
[Annotator "TA"]
[PlyCount "89"]
[EventDate "2020.10.31"]
[EventType "swiss"]
[SourceTitle "playchess.com"]
[Source "ChessBase"]
[SourceQuality "1"]

{[%evp 19,89,35,52,52,61,67,261,257,256,263,260,260,251,245,358,366,356,347,394,391,366,366,393,393,408,395,400,395,404,0,412,388,397,400,414,414,402,370,429,430,462,437,511,483,482,421,504,486,505,493,573,521,518,516,565,533,532,525,515,514,531,484,470,383,454,466,1058,1054,946,931,920,878]} 1. Nf3 d5 2. g3 Nf6 3. Bg2 c5 4. O-O Nc6 5. c4 e6 6. cxd5 exd5 7. d4 cxd4 8. Nxd4 Be7 9. Nc3 O-O 10. Bf4 a6 11. Qd2 {D34: Tarrasch Defence: 6 g3 Nf6 7 Bg2 Be7.} Qb6 {[#]} 12. Be3 $146 ({Predecessor:} 12. Rfd1 Nxd4 13. Be3 Nxe2+ 14. Qxe2 Bc5 15. Na4 {1-0 (15) Reuber,A (1828)-Meyer,L (1830) Hamburg 2004}) 12... Qa5 $2 {[#]} (12... Qd8 $14) 13. Nxc6 $1 $18 {White has a decisive advantage.} bxc6 14. Nxd5 $1 Qd8 15. Nxe7+ Qxe7 16. Qc3 Nd5 (16... Rd8 {keeps fighting.} 17. Bb6 (17. Bxc6 Bb7 $18) (17. Qxc6 Rb8 $18) 17... Re8 18. Bxc6 {[%mdl 64] Double Attack} Bh3 19. Bxa8 Bxf1) 17. Bxd5 ({Not} 17. Qxc6 Nxe3 18. Qxa8 Nxf1 $16) 17... cxd5 18. Bc5 {[%mdl 64] Skewer} Qe8 19. Bxf8 Qxf8 20. Rfd1 Be6 21. Rac1 h6 22. Qc5 Qe8 23. Qc6 Qd8 24. Qc5 $2 (24. b3 $18) 24... Qg5 $2 {[%mdl 8192]} (24... Qe8 $1 $11 {and Black is okay.} 25. Qd4 a5) 25. Qe3 Qf6 26. Qd4 Qg5 27. Rc7 Re8 28. Qf4 Qxf4 29. gxf4 {[%mdl 4096] Endgame KRR-KRB} Bh3 30. Rd3 Bg4 31. Re3 Rb8 32. b3 Rb4 33. Re8+ Kh7 34. Ree7 Bh5 35. e3 Rb6 36. Kf1 a5 37. Rc5 a4 38. bxa4 Bf3 {( -> ...Rb1+)} 39. Rc1 Kg6 40. Rec7 Rb2 41. h4 Rxa2 {[#]} 42. f5+ $1 {White is clearly winning.} Kf6 (42... Kh5 $142 43. Rxf7 Rxa4 44. Rxg7 Ra6) (42... Kxf5 43. Rxf7+) 43. R1c6+ Ke5 44. Re7+ Kxf5 45. Rxf7+ {[%mdl 64] Double Attack. Black got outplayed after the opening. Av CentiPawn Loss W=-26/B=-52. Weighted=-22/-70} 1-0

[Event "Balkan Youth Online-ch 2020"]
[Site "Online"]
[Date "2020.10.31"]
[Round "5.42"]
[White "Terziev, Dimo"]
[Black "Dimov, Nikola"]
[Result "1-0"]
[WhiteElo "2123"]
[BlackElo "1771"]
[Annotator "RC"]
[PlyCount "111"]
[EventDate "2020.10.31"]
[EventType "swiss"]
[SourceTitle "playchess.com"]
[Source "ChessBase"]
[SourceQuality "1"]
[TimeControl "1500+5"]

1. e4 {[%emt 0:00:00]} c5 {[%emt 0:00:00]} 2. Nf3 {[%emt 0:00:00]} Nc6 {[%emt 0:00:00]} 3. Bb5 {[%emt 0:00:00]} g6 {[%emt 0:00:00]} 4. Bxc6 {[%emt 0:00:00]} bxc6 {[%emt 0:00:00]} 5. O-O {[%emt 0:00:00]} Bg7 {[%emt 0:00:00]} 6. c3 {[%emt 0:00:00]} d6 {[%emt 0:00:00]} 7. d4 {[%emt 0:00:00]} cxd4 {[%emt 0:00:00]} 8. cxd4 {[%emt 0:00:00]} Nf6 {[%emt 0:00:02]} 9. Nc3 {[%emt 0:00:00]} O-O {[%emt 0:00:01]} 10. h3 {[%emt 0:00:00]} Be6 {[%emt 0:01:11]} 11. Be3 {[%emt 0:00:00]} Re8 {[%emt 0:00:59]} 12. Qd2 {[%emt 0:00:00]} Qc7 {[%emt 0:01:20]} 13. Rac1 {[%emt 0:00:09]} Qb7 {[%emt 0:00:02]} 14. Rb1 {[%emt 0:00:09]} Rab8 {[%emt 0:00:42]} 15. Bh6 {[%emt 0:00:00]} Bc4 {[%emt 0:02:46]} 16. Rfd1 {[%emt 0:00:02]} d5 {[%emt 0:01:45]} 17. Bxg7 {[%emt 0:00:11]} Kxg7 {[%emt 0:00:00]} 18. b3 {[%emt 0:00:15]} Bb5 {[%emt 0:00:07]} 19. e5 {[%emt 0:00:47]} Ne4 {[%emt 0:00:00]} 20. Nxe4 {[%emt 0:00:01]} dxe4 {[%emt 0:00:00]} 21. Nh2 {[%emt 0:00:00]} Red8 {[%emt 0:00:17]} 22. Ng4 {[%emt 0:00:00]} Rg8 {[%emt 0:02:46]} 23. Nh6 {[%emt 0:00:54]} Rgf8 {[%emt 0:00:10]} 24. Ng4 {[%emt 0:01:08]} Rg8 {[%emt 0:00:00]} 25. Re1 {[%emt 0:00:25]} Bd3 {[%emt 0:00:01]} 26. Rbc1 {[%emt 0:00:00]} Rbd8 {[%emt 0:00:46]} 27. Qh6+ {[%emt 0:03:07]} Kh8 {[%emt 0:00:00]} 28. Qh4 {[%emt 0:00:34]} Rxd4 {[%emt 0:01:16]} 29. e6 {[%emt 0:03:22]} fxe6 {[%emt 0:02:14]} 30. Rc5 {[%emt 0:02:07]} Rd5 {[%emt 0:01:28]} 31. Rec1 {[%emt 0:00:45]} Bb5 {[%emt 0:02:31]} 32. Qg3 {[%emt 0:00:55]} Qb8 {[%emt 0:01:08]} 33. Qc3+ {[%emt 0:00:20]} Rg7 {[%emt 0:00:16]} 34. a4 {[%emt 0:00:02]} Rxc5 {[%emt 0:01:14]} 35. Qxc5 {[%emt 0:00:00]} Be2 {[%emt 0:00:02]} 36. Nh6 {[%emt 0:00:11]} Qf4 {[%emt 0:00:28]} 37. Qe3 {[%emt 0:00:13]} Qxe3 {[%emt 0:00:23]} 38. fxe3 {[%emt 0:00:00]} g5 {[%emt 0:00:16]} 39. Kf2 {[%emt 0:01:28]} Bd3 {[%emt 0:00:14]} 40. Rxc6 {[%emt 0:00:40]} Rg6 {[%emt 0:00:00]} 41. Nf7+ {[%emt 0:00:05]} Kg7 {[%emt 0:00:00]} 42. Ne5 {[%emt 0:00:00]} Rf6+ {[%emt 0:00:00]} 43. Kg3 {[%emt 0:00:00]} h5 {[%emt 0:01:50]} 44. Rc7 {[%emt 0:01:29]} h4+ {[%emt 0:00:00]} 45. Kh2 {[%emt 0:00:00]} Rf2 {[%emt 0:00:26]} 46. Rxe7+ {[%emt 0:00:42]} Kf8 {[%emt 0:00:02]} 47. Rd7 {[%emt 0:04:12]} Rd2 {[%emt 0:00:51]} 48. b4 {[%emt 0:01:02]} Rb2 {[%emt 0:00:33]} 49. b5 {[%emt 0:00:04]} Ra2 {[%emt 0:00:16]} 50. Rxa7 {[%emt 0:00:03]} Re2 {[%emt 0:00:06]} 51. b6 {[%emt 0:00:04]} Rb2 {[%emt 0:00:10]} 52. b7 {[%emt 0:00:02]} Bf1 {[%emt 0:00:07]} 53. Ra8+ {[%emt 0:00:11]} Ke7 {[%emt 0:00:02]} 54. b8=Q {[%emt 0:00:04]} Rxg2+ {[%emt 0:00:00]} 55. Kh1 {[%emt 0:00:00]} Rg3 {[%emt 0:00:00]} 56. Qd8# {[%emt 0:00:00]} 1-0